| 000 | 00630nam a2200205 4500 | ||
|---|---|---|---|
| 005 | 20241021121003.0 | ||
| 010 | _aENG-142185 | ||
| 020 |
_c410.00 _a9788195255276 |
||
| 035 | _aEN-125717 | ||
| 037 | _bDBAD | ||
| 082 | _a312.8 | ||
| 100 |
_aAnamika Singh _973019 |
||
| 245 |
_aPopulation Geography/ _cAnamika Singh |
||
| 250 | _aFirst | ||
| 260 |
_aNew Delhi _bAyushman Publication House _c2021 |
||
| 270 |
_a352/D2 AJit Bhawan Munrika,Near J.N.U. Main Gate _bNew Delhi _e110067 _mayushmanpubhouse@gmail.com |
||
| 300 |
_a106p. _c23cm(hb) |
||
| 700 |
_aAnamika Singh _973019 |
||
| 942 |
_2ddc _cEN _h312.8 _mANA |
||
| 999 |
_c206509 _d206509 |
||